000 00310nam a22001337a 4500
008 180201b xxu||||| |||| 00| 0 eng d
020 _a9781465202598
041 _aeng
080 _a070
100 _a40
101 _amed
245 _athe foundamentals speech communication
_cwilliam,r
942 _2udc
_cBK
999 _c41531
_d41531